[Event "World Senior chT-65 2019"]
[Site "Rhodes"]
[Date "2019.04.16"]
[Round "1.1"]
[White "Vucenovic, Dragomir"]
[Black "Balashov, Yuri S"]
[Result "0-1"]
[WhiteElo "2168"]
[BlackElo "2470"]
[Annotator "TA"]
[PlyCount "118"]
[EventDate "2019.04.16"]
[EventType "team-tourn"]
[EventCountry "GRE"]
[SourceTitle "playchess.com"]
[Source "ChessBase"]
[SourceQuality "1"]
[WhiteTeam "Switzerland"]
[BlackTeam "Russia"]
[WhiteTeamCountry "SUI"]
[BlackTeamCountry "RUS"]

{[%evp 9,118,-8,18,1,18,0,0,0,7,0,17,0,19,9,24,22,41,43,52,39,75,62,50,41,100,87,87,78,97,46,46,42,53,0,0,0,1,0,0,-11,0,-19,-2,-15,0,-15,-13,-34,-23,-35,-37,-44,-16,-70,-17,-41,-26,-17,-16,-13,-22,-26,-21,-12,-12,-36,-46,-42,-22,-109,-111,-119,-121,-126,-112,-136,-92,-89,-89,-66,-71,-80,-87,-122,-68,-65,-70,-215,-103,-115,-66,-104,-94,-93,-95,-318,-295,-405,-405,-393,-394,-366,-351,-29980,-29981,-29991,-29991,-29991,-29983,-29983,-29981]} 1. d4 Nf6 2. Nf3 e6 3. Bg5 h6 4. Bh4 d6 5. Nbd2 Nbd7 (5... g5 6. Bg3 Nh5 7. e3 Bg7 8. Bd3 Nd7 9. c3 f5 10. Qb3 Qe7 11. O-O-O O-O 12. Rde1 c5 13. h3 Nxg3 14. fxg3 d5 15. Qa3 e5 16. dxe5 Nxe5 17. Nxe5 Bxe5 18. g4 fxg4 19. hxg4 Kg7 20. Rxh6 {1-0 (20) Artemiev,V (2696)-Morozevich,A (2665) Sochi 2017}) 6. h3 {A46: 1 d4 Nf6 2 Nf3 e6: Torre, London and Colle Systems} Be7 7. e3 b6 8. Bd3 {The position is equal.} Bb7 9. O-O O-O 10. Bg3 Re8 11. e4 a6 $146 (11... e5 $5) ({Predecessor:} 11... Bf8 12. e5 dxe5 13. dxe5 {1-0 (39) Lomako,P (2413)-Podolchenko,E (2467) Minsk 2008}) 12. Re1 Nh5 13. Bh2 g6 14. c3 Bf8 15. e5 dxe5 16. Nxe5 Bg7 (16... Nxe5 $14 17. Bxe5 Bg7) 17. Be4 $16 Bxe4 18. Nxe4 Ndf6 19. Nxf6+ ({White should play} 19. Qf3 $16 {Black must now prevent g4.} Rf8 20. Nxf6+ Nxf6 21. Nc6) 19... Nxf6 $14 20. Qf3 Qd5 21. a3 (21. Qe2 $14) 21... Qxf3 $11 22. Nxf3 Rac8 23. Rad1 Nd7 24. Kf1 b5 25. Be5 f6 26. Bf4 Nb6 27. Re2 Bf8 28. Bc1 a5 29. Ne1 Kf7 30. Nd3 Rcd8 31. f4 (31. Bf4 $11 Nd5 32. Bg3) 31... a4 ({Better is} 31... c5 $15) 32. Rde1 Nc4 33. g4 Rd5 34. f5 gxf5 35. Nf4 $1 {[%cal Rf4d5]} Rd6 36. gxf5 $1 e5 37. Ne6 exd4 38. cxd4 Rd5 39. Rf2 (39. Ng5+ $11 hxg5 40. Rxe8) 39... Bd6 $17 {Strongly threatening ...Bg3.} 40. Ree2 h5 41. Rf3 Rg8 42. Rg2 c6 43. Rxg8 Kxg8 44. Ke2 h4 45. Rf1 Bg3 46. Rf3 Nd6 (46... Kf7 $17 47. Bf4 Nxb2 48. Bxg3 hxg3 49. Rxg3 Ke7 50. Rg7+ Kd6) 47. Rc3 $15 Rxf5 {aiming for ...Rf2+.} 48. Rxc6 {[#]} (48. Rf3 $15) 48... Rf2+ (48... Kf7 $1 $19 49. Nf4 Rxf4 50. Bxf4 Bxf4) 49. Kd3 $17 Rh2 50. Nf4 Bxf4 $1 51. Bxf4 Rxh3+ {[%mdl 4096] Endgame KRB-KRN} 52. Kc2 $2 (52. Ke2 $17 {was the only chance.} Nc4 53. Rxf6) 52... Nf5 $19 53. Rc8+ Kg7 54. d5 Rf3 55. Bb8 {intending d6.} h3 56. d6 $2 {[#]} (56. Rc7+ $19 Kg6 57. Rc8) 56... h2 {Black mates.} 57. d7 h1=Q 58. Rg8+ Kxg8 59. d8=Q+ Kh7 {Accuracy: White = 29%, Black = 57%.} 0-1

[Event "World Senior chT-65 2019"]
[Site "Rhodes"]
[Date "2019.04.16"]
[Round "1.2"]
[White "Rashkovsky, Nukhim N"]
[Black "Staechelin, Ruedi"]
[Result "1-0"]
[WhiteElo "2488"]
[BlackElo "2053"]
[Annotator "TA"]
[PlyCount "81"]
[EventDate "2019.04.16"]
[EventType "team-tourn"]
[EventCountry "GRE"]
[SourceTitle "playchess.com"]
[Source "ChessBase"]
[SourceQuality "1"]
[WhiteTeam "Russia"]
[BlackTeam "Switzerland"]
[WhiteTeamCountry "RUS"]
[BlackTeamCountry "SUI"]

{[%evp 14,81,31,29,71,37,39,43,57,45,54,51,52,40,64,6,51,47,39,43,46,42,44,47,54,23,18,-20,-27,-7,52,43,37,20,42,0,4,0,27,31,33,21,43,44,54,54,86,71,161,135,155,162,187,177,140,171,237,237,242,245,259,256,265,255,358,364,338,346,306,301]} 1. d4 d5 2. Nf3 Nf6 3. c4 e6 4. e3 Be7 5. Nc3 O-O 6. b3 Nbd7 {[%cal Bb8d7,Bd7c5,Bc5e4][%mdl 32] D37: Queen's Gambit Declined: 5 Bf4} (6... c5 7. Bb2 cxd4 8. Nxd4 a6 9. a3 dxc4 10. Bxc4 b5 11. Be2 Bb7 12. Bf3 Qb6 13. Bxb7 Qxb7 14. Qf3 Qxf3 15. gxf3 Rc8 16. Ke2 {½-½ (16) Andreikin,D (2719)-Matlakov,M (2700) St Petersburg 2018}) 7. Bb2 c5 8. cxd5 {LiveBook: 4 Games} cxd4 {White has an edge.} 9. Nxd4 $146 (9. Qxd4 $5 {[%cal Rd5d6]} exd5 10. Rd1 $14 (10. Nxd5 Qa5+ 11. Nc3 Rd8 $11)) ({Predecessor:} 9. Qxd4 Nb6 10. dxe6 Bxe6 11. Qxd8 Rfxd8 12. Nd4 Bd7 13. Bd3 Nbd5 14. Nxd5 Nxd5 15. Ke2 {1-0 (31) Kuhn,G (2053)-Meyer,W (1516) Pinneberg 2016}) 9... exd5 10. Be2 Nc5 11. O-O Nce4 12. Rc1 a6 13. Qd3 Bb4 14. f3 (14. Bf3 $14) 14... Nc5 15. Qd2 Ne6 $1 16. Rfd1 Re8 $1 17. Nc2 Ba5 18. b4 Bb6 19. Na4 {Threatens to win with Bxf6.} ({Inferior is} 19. Nxd5 Nxd5 20. Qxd5 Qxd5 $17) 19... Ba7 20. Nd4 Bd7 21. Nxe6 fxe6 (21... Bxe3+ $1 $11 22. Qxe3 Rxe6) 22. Nc5 $14 Qe7 23. Be5 Bb5 24. Rc3 Bxe2 25. Qxe2 Bb8 26. Bxb8 Raxb8 27. Rdc1 $36 {[%mdl 2048] White is more active.} Red8 28. a3 Ne8 29. e4 d4 30. R3c2 b6 (30... Nd6 $16) 31. Nd3 $18 e5 32. Rc6 Rd6 33. Rc8 Rxc8 34. Rxc8 Re6 (34... h6 $142 35. Qc2 Re6) 35. Qa2 Kf8 36. Qd5 g6 37. Rd8 Qf6 38. Rd7 Nd6 {[#]} (38... Rd6 {might work better.} 39. Rxd6 Qxd6) 39. Nxe5 $1 {[%mdl 512]} Qxe5 (39... Rxe5 40. Qxd6+) 40. Qxe5 Rxe5 41. Rxd6 {Precision: White = 69%, Black = 44%.} 1-0

[Event "World Senior chT-65 2019"]
[Site "Rhodes"]
[Date "2019.04.16"]
[Round "1.4"]
[White "Pushkov, Nikolai"]
[Black "Illi, Hans-Joerg"]
[Result "1-0"]
[WhiteElo "2295"]
[BlackElo "2002"]
[Annotator "TA"]
[PlyCount "75"]
[EventDate "2019.04.16"]
[EventType "team-tourn"]
[EventCountry "GRE"]
[SourceTitle "playchess.com"]
[Source "ChessBase"]
[SourceQuality "1"]
[WhiteTeam "Russia"]
[BlackTeam "Switzerland"]
[WhiteTeamCountry "RUS"]
[BlackTeamCountry "SUI"]

{[%evp 9,75,52,92,74,75,78,74,53,61,64,53,47,99,95,109,76,139,141,135,89,86,71,112,147,187,180,225,212,258,273,353,297,446,473,479,470,572,554,579,587,597,592,589,600,578,597,593,581,595,588,588,593,561,583,730,680,705,678,825,573,567,564,561,560,858,518,1310,1310]} 1. Nf3 d6 2. d4 Nf6 3. c4 Bg4 4. Qb3 Qc8 5. Nc3 Bxf3 6. exf3 {A53: Old Indian Defence without Nf3} g6 7. Be3 Bg7 8. Be2 {White is better.} Nbd7 (8... O-O 9. O-O c6 10. d5 Nbd7 11. Rac1 Qc7 12. Rfd1 Rfc8 13. f4 Nc5 {½-½ (44) Gelfand,B (2741)-Romanov,E (2573) Skopje 2015}) 9. O-O O-O 10. Rad1 $146 ({Predecessor:} 10. f4 c6 11. Bf3 e6 12. Rac1 a6 13. Rfe1 Rb8 {0-1 (37) Baryshpolets,A (2544)-Bernadskiy,V (2525) Lutsk 2015}) 10... e5 (10... c6 $14) 11. dxe5 $16 Nxe5 12. c5 Rd8 ({Black should try} 12... dxc5 13. Bxc5 Re8) 13. cxd6 cxd6 14. Nb5 {Threatens to win with f4.} Qb8 15. Bf4 {Strongly threatening Nxd6!} Nh5 16. Bg5 $36 {[%mdl 2048] White is on the roll.} Bf6 17. Be3 a6 18. Nc3 {[%cal Bb5c3,Bc3d5,Bd5b6][%mdl 32]} Ng7 19. Nd5 Ne8 20. Nb6 Ra7 (20... Nc6 $142 21. Nxa8 Qxa8) 21. f4 $18 {White is clearly winning.} Nc6 22. Bc4 Qc7 23. Nd5 {[%mdl 64] [#] Discovered Attack} Qd7 24. Bxa7 Nxa7 25. Rfe1 {Hoping for Rxe8+!} Kg7 26. Rxe8 Rxe8 27. Nxf6 Kxf6 28. Qc3+ Ke7 29. Qe3+ {[%mdl 64] [#] Double Attack} Kf8 30. Qxa7 Qc6 31. Qd4 Re4 32. Qh8+ {[%mdl 64] Double Attack} Ke7 33. Bd3 Qd5 {intending ...Qxd3.} 34. Qc3 {Bc2 is the strong threat.} Rxf4 35. Re1+ Kd7 36. b3 b5 37. Bf1 Qf5 (37... Qd4 $142 38. Qc2 Rf5) 38. Qe3 {Accuracy: White = 63%, Black = 28%.} 1-0

[Event "World Senior chT-65 2019"]
[Site "Rhodes"]
[Date "2019.04.16"]
[Round "1.5"]
[White "Knaak, Rainer"]
[Black "Pedersen, Svend"]
[Result "1/2-1/2"]
[WhiteElo "2482"]
[BlackElo "2178"]
[Annotator "TA"]
[PlyCount "96"]
[EventDate "2019.04.16"]
[EventType "team-tourn"]
[EventCountry "GRE"]
[SourceTitle "playchess.com"]
[Source "ChessBase"]
[SourceQuality "1"]
[WhiteTeam "Germany"]
[BlackTeam "Denmark"]
[WhiteTeamCountry "GER"]
[BlackTeamCountry "DEN"]

{[%evp 23,96,41,50,39,49,22,27,18,67,45,93,62,71,73,68,49,67,0,0,0,0,0,35,-39,0,0,15,-54,-68,-62,-69,-43,-53,-110,-114,-127,14,16,16,0,0,0,0,0,0,0,0,0,0,0,0,0,6,0,0,0,0,0,0,0,0,0,4,4,1,0,0,0,0,0,0,0,0,0,0]} 1. d4 {Krasenkow,M} d6 2. Nf3 g6 3. c4 Bg7 4. Nc3 Nd7 5. e3 Ngf6 6. Be2 O-O 7. O-O e5 8. Qc2 Re8 9. Rd1 Qe7 {E61: King's Indian: Early deviations for White, including Smyslov System} 10. b4 e4 11. Nd2 {[%cal Bf3d2,Bd2b3,Bb3d4][%mdl 32]} Nf8 12. Bb2 Bf5 {LiveBook: 3 Games} 13. Nb3 h5 14. Rac1 N8h7 15. d5 h4 16. Nd4 {[#]} Bg4 $146 ({Predecessor:} 16... Bd7 17. c5 dxc5 18. bxc5 Qxc5 {½-½ (59) Grischuk,A (2785)-Caruana,F (2779) Elancourt 2013 CBM 157 [Krasenkow,M]}) 17. Bxg4 Nxg4 18. h3 Ngf6 19. c5 Ng5 20. cxd6 ({White should play} 20. Qe2 $14) 20... cxd6 $11 21. Nce2 Qd7 22. Nf4 Rac8 23. Qb1 (23. Qb3 $14) 23... Ngh7 24. Rxc8 Rxc8 25. Rc1 (25. Rd2 $11) 25... Rxc1+ $15 26. Qxc1 g5 27. Nfe2 Nxd5 28. a3 (28. Nb3 $15) 28... Be5 $17 29. Nb3 Qc6 (29... g4 $17 30. Bxe5 dxe5) 30. Qxc6 $11 {The position is equal.} bxc6 31. Bd4 Bxd4 32. Nexd4 {[%mdl 4096] Endgame KNN-KNN} Ne7 33. Na5 c5 34. Nb5 Nc8 35. Nc6 cxb4 36. axb4 a6 37. Nc7 Nf6 38. Nxa6 Nd5 39. b5 Kf8 40. Nab4 Nc3 41. Nd4 Ke7 42. g3 d5 43. gxh4 gxh4 44. Kf1 Kd6 45. Na6 Ke5 46. Nc5 Kd6 47. Na6 Ke5 48. Nb4 Kd6 {Precision: White = 44%, Black = 73%.} 1/2-1/2

[Event "World Senior chT-65 2019"]
[Site "Rhodes"]
[Date "2019.04.16"]
[Round "1.6"]
[White "Holst, Per"]
[Black "Vogt, Lothar"]
[Result "0-1"]
[WhiteElo "2150"]
[BlackElo "2362"]
[Annotator "TA"]
[PlyCount "46"]
[EventDate "2019.04.16"]
[EventType "team-tourn"]
[EventCountry "GRE"]
[SourceTitle "playchess.com"]
[Source "ChessBase"]
[SourceQuality "1"]
[WhiteTeam "Denmark"]
[BlackTeam "Germany"]
[WhiteTeamCountry "DEN"]
[BlackTeamCountry "GER"]

{[%evp 19,46,5,18,-5,5,4,14,26,18,16,13,11,24,29,31,-47,-14,-43,-37,-187,-114,-481,-187,-202,-186,-347,-83,-508,-481]} 1. d4 d6 2. c4 e5 3. Nf3 Nd7 4. Nc3 g6 5. e4 Bg7 6. Be2 Ngf6 7. d5 Nc5 8. Nd2 a5 9. O-O O-O 10. Rb1 Ne8 11. b3 {E94: King's Indian: Classical: 6 Be2 e5 7 0-0: Various Black 7th moves} f5 12. a3 {[%cal Ba2a3,Ba3b4][%mdl 32]} Nf6 {[%cal Rf5e4]} 13. b4 {The position is equal.} axb4 ({Don't do} 13... Ncxe4 14. Ndxe4 Nxe4 15. Nxe4 $15) 14. axb4 Ncxe4 15. Ndxe4 Nxe4 16. Nxe4 fxe4 {[#]} 17. Rb3 $146 (17. c5 $14) ({Predecessor:} 17. Be3 Qh4 18. Qd2 Bg4 19. Bxg4 Qxg4 {½-½ (59) Bacrot,E (2712)-Kritz,L (2541) Mainz 2004}) 17... Bd7 {And now ...Ba4 would win.} 18. Rg3 Ra1 $36 {[%mdl 2048] Black is pushing.} 19. Bg4 {[#]} ({Better is} 19. Qc2 $15) 19... Bh6 $1 {[%mdl 512]} 20. Qc2 $2 {[%mdl 8192] [#]} (20. Bxh6 $17 {is a better chance.} Rxd1 21. Bxd1) 20... Bf4 $2 (20... e3 $1 {[%mdl 512] Hoping for ...exf2+.} 21. Bxe3 Rxf1+ 22. Kxf1 Bxe3 {[%mdl 64] Pin} 23. Bxd7 Rxf2+ 24. Qxf2 Bxf2 25. Be6+ Kg7 26. Kxf2 Qh4) 21. Bxd7 $19 Qxd7 22. Rb3 $2 {[#]} (22. Rc3 {was called for.}) 22... Qf5 $2 (22... e3 $1 $19 {[%mdl 512] is more deadly.} 23. Rxe3 (23. Bxe3 Bxh2+) 23... Bxe3 24. Bxe3 Rfa8) 23. Be3 $2 {[%mdl 8192] [#]} (23. Rb1 $17 Rxb1 24. Qxb1) 23... Bxh2+ $1 {[%mdl 512] Accuracy: White = 18%, Black = 25%.} 0-1

[Event "World Senior chT-65 2019"]
[Site "Rhodes"]
[Date "2019.04.16"]
[Round "1.7"]
[White "Kiefer, Gerhard"]
[Black "Hvenekilde, Jorgen"]
[Result "1-0"]
[WhiteElo "2279"]
[BlackElo "2046"]
[Annotator "NA"]
[PlyCount "79"]
[EventDate "2019.04.16"]
[EventType "team-tourn"]
[EventCountry "GRE"]
[SourceTitle "playchess.com"]
[Source "ChessBase"]
[SourceQuality "1"]
[WhiteTeam "Germany"]
[BlackTeam "Denmark"]
[WhiteTeamCountry "GER"]
[BlackTeamCountry "DEN"]
[TimeControl "40/5400+30:1800+30"]

1. e4 {[%emt 0:00:00]} e5 {[%emt 0:00:00]} 2. Nf3 {[%emt 0:00:00]} d6 {[%emt 0:00:08]} 3. d4 {[%emt 0:00:00]} exd4 {[%emt 0:00:29]} 4. Nxd4 {[%emt 0:00:02]} g6 {[%emt 0:00:33]} 5. Nc3 {[%emt 0:00:42]} Bg7 {[%emt 0:00:12]} 6. Be2 {[%emt 0:06:31]} a6 {[%emt 0:03:22]} 7. a4 {[%emt 0:01:40]} Nf6 {[%emt 0:01:41]} 8. Bg5 {[%emt 0:06:19]} O-O {[%emt 0:05:25]} 9. O-O {[%emt 0:13:50]} Re8 {[%emt 0:07:57]} 10. f3 {[%emt 0:13:08]} c5 {[%emt 0:07:07]} 11. Nb3 {[%emt 0:00:35]} Nc6 {[%emt 0:07:49]} 12. Qd2 {[%emt 0:01:19]} Be6 {[%emt 0:00:42]} 13. Rfd1 {[%emt 0:10:00]} Bxb3 {[%emt 0:01:34]} 14. cxb3 {[%emt 0:00:05]} Nd4 {[%emt 0:00:51]} 15. Bc4 {[%emt 0:00:18]} Qd7 {[%emt 0:22:19]} 16. a5 {[%emt 0:03:28]} Rab8 {[%emt 0:17:24]} 17. Na4 {[%emt 0:00:48]} Qe7 {[%emt 0:04:50]} 18. Nb6 {[%emt 0:01:41]} Qf8 {[%emt 0:00:47]} 19. Bxf6 {[%emt 0:07:53]} Bxf6 {[%emt 0:00:07]} 20. Nd7 {[%emt 0:00:04]} Qe7 {[%emt 0:00:47]} 21. Nxb8 {[%emt 0:00:06]} Rxb8 {[%emt 0:00:04]} 22. Bd5 {[%emt 0:00:15]} Rd8 {[%emt 0:01:29]} 23. Rf1 {[%emt 0:02:46]} Qd7 {[%emt 0:02:49]} 24. Qd3 {[%emt 0:04:15]} Nc6 {[%emt 0:01:10]} 25. Qd2 {[%emt 0:01:55]} Nb4 {[%emt 0:01:36]} 26. Bc4 {[%emt 0:01:10]} Nc6 {[%emt 0:00:43]} 27. Kh1 {[%emt 0:01:41]} Bd4 {[%emt 0:00:37]} 28. f4 {[%emt 0:02:03]} Re8 {[%emt 0:00:56]} 29. f5 {[%emt 0:00:44]} Ne5 {[%emt 0:00:33]} 30. Bd5 {[%emt 0:01:38]} Rb8 {[%emt 0:03:29]} 31. h3 {[%emt 0:01:41]} Qd8 {[%emt 0:00:20]} 32. b4 {[%emt 0:03:58]} Qe7 {[%emt 0:02:14]} 33. bxc5 {[%emt 0:00:19]} dxc5 {[%emt 0:00:14]} 34. Rab1 {[%emt 0:00:23]} Rd8 {[%emt 0:00:12]} 35. b4 {[%emt 0:01:03]} Rd7 {[%emt 0:02:10]} 36. f6 {[%emt 0:03:48]} Qd8 {[%emt 0:00:38]} 37. Qh6 {[%emt 0:03:39]} Qf8 {[%emt 0:00:08]} 38. Qxf8+ {[%emt 0:00:08]} Kxf8 {[%emt 0:00:08]} 39. bxc5 {[%emt 0:00:04]} Bxc5 {[%emt 0:00:45]} 40. Rfc1 {[%emt 0:00:00]} 1-0

[Event "World Senior chT-65 2019"]
[Site "Rhodes"]
[Date "2019.04.16"]
[Round "1.8"]
[White "Grevlund, Per"]
[Black "Buchal, Stephan"]
[Result "1-0"]
[WhiteElo "1998"]
[BlackElo "2283"]
[Annotator "NA"]
[PlyCount "121"]
[EventDate "2019.04.16"]
[EventType "team-tourn"]
[EventCountry "GRE"]
[SourceTitle "playchess.com"]
[Source "ChessBase"]
[SourceQuality "1"]
[WhiteTeam "Denmark"]
[BlackTeam "Germany"]
[WhiteTeamCountry "DEN"]
[BlackTeamCountry "GER"]
[TimeControl "40/5400+30:1800+30"]

1. e4 {[%emt 0:00:00]} g6 {[%emt 0:00:00]} 2. d4 {[%emt 0:00:00]} Bg7 {[%emt 0:00:00]} 3. Nf3 {[%emt 0:00:21]} d6 {[%emt 0:00:00]} 4. Bd3 {[%emt 0:00:39]} Nf6 {[%emt 0:00:26]} 5. O-O {[%emt 0:00:29]} O-O {[%emt 0:00:11]} 6. c3 {[%emt 0:01:11]} Nc6 {[%emt 0:01:35]} 7. Re1 {[%emt 0:02:56]} e5 {[%emt 0:00:24]} 8. d5 {[%emt 0:01:38]} Ne7 {[%emt 0:00:54]} 9. Nbd2 {[%emt 0:01:52]} h6 {[%emt 0:10:32]} 10. Nf1 {[%emt 0:02:37]} Nh5 {[%emt 0:03:53]} 11. Bc2 {[%emt 0:05:40]} Qe8 {[%emt 0:07:46]} 12. Ba4 {[%emt 0:04:16]} b5 {[%emt 0:03:41]} 13. Bc2 {[%emt 0:00:49]} f5 {[%emt 0:01:35]} 14. exf5 {[%emt 0:03:17]} gxf5 {[%emt 0:01:32]} 15. a4 {[%emt 0:02:36]} Bb7 {[%emt 0:08:04]} 16. axb5 {[%emt 0:02:49]} Bxd5 {[%emt 0:03:18]} 17. Bb3 {[%emt 0:07:38]} Qf7 {[%emt 0:11:46]} 18. Bxd5 {[%emt 0:03:55]} Nxd5 {[%emt 0:00:20]} 19. Ne3 {[%emt 0:01:16]} Nb6 {[%emt 0:17:18]} 20. Nc2 {[%emt 0:09:35]} Nf6 {[%emt 0:03:24]} 21. Nb4 {[%emt 0:02:11]} Qd7 {[%emt 0:07:22]} 22. Qe2 {[%emt 0:06:30]} Kh7 {[%emt 0:01:46]} 23. Ra6 {[%emt 0:02:35]} Ne4 {[%emt 0:07:06]} 24. Nc6 {[%emt 0:01:18]} Nc5 {[%emt 0:00:31]} 25. Rxa7 {[%emt 0:00:51]} Rxa7 {[%emt 0:00:14]} 26. Nxa7 {[%emt 0:00:03]} e4 {[%emt 0:00:22]} 27. Nd4 {[%emt 0:02:09]} Nd3 {[%emt 0:00:34]} 28. Rd1 {[%emt 0:03:00]} c5 {[%emt 0:01:59]} 29. bxc6 {[%emt 0:05:05]} Qxa7 {[%emt 0:00:13]} 30. Be3 {[%emt 0:03:21]} Bxd4 {[%emt 0:03:21]} 31. Bxd4 {[%emt 0:00:47]} Qc7 {[%emt 0:01:38]} 32. Ra1 {[%emt 0:02:44]} Rf7 {[%emt 0:01:15]} 33. Ra6 {[%emt 0:02:14]} Nc8 {[%emt 0:01:34]} 34. b4 {[%emt 0:01:27]} d5 {[%emt 0:00:26]} 35. b5 {[%emt 0:02:14]} Nd6 {[%emt 0:01:08]} 36. b6 {[%emt 0:06:10]} Qxc6 {[%emt 0:00:17]} 37. b7 {[%emt 0:00:02]} Qxb7 {[%emt 0:01:30]} 38. Rxd6 {[%emt 0:00:05]} Nf4 {[%emt 0:00:26]} 39. Qa2 {[%emt 0:01:56]} Qb5 {[%emt 0:00:28]} 40. h3 {[%emt 0:00:00]} Rd7 {[%emt 0:00:00]} 41. Qa6 {[%emt 0:20:21]} Ne2+ {[%emt 0:06:33]} 42. Kh2 {[%emt 0:06:19]} Qxa6 {[%emt 0:06:07]} 43. Rxa6 {[%emt 0:00:10]} f4 {[%emt 0:02:15]} 44. g3 {[%emt 0:05:10]} f3 {[%emt 0:06:19]} 45. Rc6 {[%emt 0:01:36]} Rb7 {[%emt 0:02:51]} 46. g4 {[%emt 0:03:36]} Rb2 {[%emt 0:04:12]} 47. Be3 {[%emt 0:01:47]} Rc2 {[%emt 0:00:50]} 48. Rxh6+ {[%emt 0:01:20]} Kg7 {[%emt 0:00:06]} 49. Rd6 {[%emt 0:01:36]} Rxc3 {[%emt 0:04:53]} 50. Rxd5 {[%emt 0:00:09]} Rd3 {[%emt 0:00:40]} 51. Rxd3 {[%emt 0:02:56]} exd3 {[%emt 0:00:03]} 52. h4 {[%emt 0:00:33]} Kf7 {[%emt 0:00:55]} 53. h5 {[%emt 0:00:13]} Nc3 {[%emt 0:01:20]} 54. Kg3 {[%emt 0:00:07]} d2 {[%emt 0:00:15]} 55. Bxd2 {[%emt 0:00:06]} Ne4+ {[%emt 0:00:03]} 56. Kxf3 {[%emt 0:00:15]} Nxd2+ {[%emt 0:00:01]} 57. Kf4 {[%emt 0:00:23]} Nb3 {[%emt 0:00:29]} 58. g5 {[%emt 0:00:43]} Nc5 {[%emt 0:01:12]} 59. Kf5 {[%emt 0:00:22]} Ne6 {[%emt 0:01:02]} 60. g6+ {[%emt 0:01:12]} Ke7 {[%emt 0:00:02]} 61. h6 {[%emt 0:00:45]} 1-0

[Event "World Senior chT-65 2019"]
[Site "Rhodes"]
[Date "2019.04.16"]
[Round "1.9"]
[White "Harestad, Thor Geir"]
[Black "Seret, Jean-Luc"]
[Result "1-0"]
[WhiteElo "2200"]
[BlackElo "2332"]
[Annotator "TA"]
[PlyCount "49"]
[EventDate "2019.04.16"]
[EventType "team-tourn"]
[EventCountry "GRE"]
[SourceTitle "playchess.com"]
[Source "ChessBase"]
[SourceQuality "1"]
[WhiteTeam "Norway"]
[BlackTeam "France"]
[WhiteTeamCountry "NOR"]
[BlackTeamCountry "FRA"]

{[%evp 18,48,-14,-10,-10,-22,-15,-22,-8,-31,-31,-35,-16,-22,-11,-50,138,159,300,308,810,824,805,789,1436,1425,29996,29997,29997,29998,29998,29999,29999]} 1. d4 d5 2. Nf3 Nf6 3. Bf4 e6 4. e3 c5 5. c3 Be7 6. Bd3 Nc6 7. O-O {D02: 1 d4 d5 2 Nf3 sidelines, including 2...Nf6 3 g3 and 2...Nf6 3 Bf4} Nh5 8. Bg3 Nxg3 9. hxg3 O-O 10. Nbd2 {LiveBook: 3 Games} b6 11. Qe2 Bb7 12. Rad1 Qc7 13. dxc5 {[#]} bxc5 $146 ({Predecessor:} 13... Bxc5 14. e4 Ne5 15. Nxe5 Qxe5 {1-0 (56) Milanovic,D (2494)-Moroni,L (2564) Skopje 2018}) 14. e4 Rab8 15. Rfe1 Rfd8 16. a3 Bf8 $2 (16... Bf6 $15) 17. exd5 $16 exd5 {[#]} (17... Rxd5 $16 {keeps fighting.} 18. Be4 Rd6) 18. Bxh7+ $1 $18 {[%mdl 512]} Kxh7 $2 (18... Kh8 19. Bc2 g6) 19. Ng5+ Kg6 20. Qg4 {Ngf3+ would kill now.} Qd7 21. Ne6+ Kh6 22. Qh4+ {White mates.} Kg6 23. Nf4+ Kf5 24. g4+ Kxf4 25. g3# {Precision: White = 71%, Black = 15%.} 1-0

[Event "World Senior chT-65 2019"]
[Site "Rhodes"]
[Date "2019.04.16"]
[Round "1.10"]
[White "Sharif, Mehrshad"]
[Black "Steedman, James"]
[Result "1/2-1/2"]
[WhiteElo "2331"]
[BlackElo "2127"]
[Annotator "TA"]
[PlyCount "61"]
[EventDate "2019.04.16"]
[EventType "team-tourn"]
[EventCountry "GRE"]
[SourceTitle "playchess.com"]
[Source "ChessBase"]
[SourceQuality "1"]
[WhiteTeam "France"]
[BlackTeam "Norway"]
[WhiteTeamCountry "FRA"]
[BlackTeamCountry "NOR"]

{[%evp 19,61,45,58,51,55,37,40,36,63,43,76,70,89,87,74,81,166,131,133,108,109,98,114,118,151,160,147,113,142,139,141,110,119,125,107,112,155,154,163,8,8,13,13,0]} 1. Nf3 c5 2. c4 g6 3. d4 cxd4 4. Nxd4 Bg7 5. e4 Nc6 6. Be3 d6 7. Nc3 Nf6 8. Be2 Bd7 9. O-O O-O 10. Qd2 Ng4 11. Bxg4 {B38: Sicilian: Maroczy Bind with 5...Bg7 and 7...0-0} Bxg4 12. f3 {[#] Threatens to win with Nxc6.} Be6 13. b3 {White is slightly better.} Bd7 $146 ({Predecessor:} 13... Rc8 14. Rac1 Qa5 15. Kh1 a6 16. Nxe6 fxe6 17. Bh6 Qh5 18. Bxg7 Kxg7 {1-0 (28) Rozum,I (2581)-Orlov,O (2318) St Petersburg 2018}) 14. Rfd1 Ne5 15. Bh6 a6 16. Bxg7 Kxg7 17. Rac1 b5 (17... Rc8 $16 {might work better.}) 18. cxb5 axb5 19. Ndxb5 Bxb5 20. Nxb5 Qb6+ 21. Nd4 Nxf3+ 22. gxf3 {[#] Black must now prevent Kg2.} e5 23. Rc2 f5 24. Kg2 exd4 25. Qxd4+ Qxd4 26. Rxd4 fxe4 27. fxe4 $16 {KRR-KRR} Rf4 28. a4 Raf8 29. a5 $2 (29. Rc3 $18) 29... Rg4+ $1 $11 30. Kh3 Rg5 $1 {Strongly threatening ...Rf3+.} 31. Rg2 {Accuracy: White = 56%, Black = 41%.} 1/2-1/2